[Event "Oberliga Nord W 0809"]
[Site "Germany"]
[Date "2009.03.01"]
[Round "7.1"]
[White "Kroeze, Frank"]
[Black "Bangiev, Alexander J"]
[Result "1-0"]
[WhiteElo "2424"]
[BlackElo "2438"]
[PlyCount "61"]
[EventDate "2008.10.05"]
[EventType "team-tourn"]
[EventRounds "9"]
[EventCountry "GER"]
[SourceTitle "EXT 2010"]
[Source "ChessBase"]
[SourceDate "2010.11.25"]
[SourceVersion "1"]
[SourceVersionDate "2010.11.25"]
[SourceQuality "1"]
[WhiteTeam "Nordhorn Blanke"]
[BlackTeam "Hannover PSC"]
[WhiteTeamCountry "GER"]
[BlackTeamCountry "GER"]

1. e4 c5 2. Nf3 d6 3. d4 cxd4 4. Nxd4 Nf6 5. Nc3 a6 6. Bg5 e6 7. f4 Be7 8. Qf3 Qc7 9. 0-0-0 Nbd7 10. g4 b5 11. Bxf6 Nxf6 12. g5 Nd7 13. f5 Nc5 14. f6 gxf6 15. gxf6 Bf8 16. Rg1 h5 17. Re1 Bd7 18. Kb1 Qa5 19. Bh3 0-0-0 20. e5 Kc7 21. exd6+ Bxd6 22. Rg5 b4 23. Bg2 Qb6 24. Ne4 Nxe4 25. Qxe4 Rh6 26. Rf1 e5 27. Rxe5 Bxe5 28. Qxe5+ Kc8 29. Nf5 Bxf5 30. Qxf5+ Rd7 31. Rd1 1-0

[Event "Travemuende op 25th"]
[Site "Travemuende"]
[Date "2008.12.30"]
[Round "7"]
[White "Bangiev, Alexander J"]
[Black "Kupreichik, Viktor D"]
[Result "1/2-1/2"]
[WhiteElo "2439"]
[BlackElo "2417"]
[PlyCount "22"]
[EventDate "2008.12.27"]
[EventType "swiss"]
[EventRounds "7"]
[EventCountry "GER"]
[SourceTitle "EXT 2022"]
[Source "ChessBase"]
[SourceDate "2021.10.06"]
[SourceVersion "1"]
[SourceVersionDate "2021.10.06"]
[SourceQuality "1"]

1. e4 e5 2. Nf3 Nf6 3. Nxe5 d6 4. Nf3 Nxe4 5. Qe2 Qe7 6. d4 Nf6 7. Bg5 Qxe2+ 8. Bxe2 Be7 9. Nc3 h6 10. Bd2 Bd7 11. 0-0 Nc6 1/2-1/2

[Event "Travemuende op 25th"]
[Site "Travemuende"]
[Date "2008.12.29"]
[Round "6"]
[White "Bangiev, Alexander J"]
[Black "Rudolf, Henrik"]
[Result "1-0"]
[WhiteElo "2439"]
[BlackElo "2368"]
[PlyCount "63"]
[EventDate "2008.12.27"]
[EventType "swiss"]
[EventRounds "7"]
[EventCountry "GER"]
[SourceTitle "EXT 2022"]
[Source "ChessBase"]
[SourceDate "2021.10.06"]
[SourceVersion "1"]
[SourceVersionDate "2021.10.06"]
[SourceQuality "1"]

1. e4 c5 2. Nf3 e6 3. d4 cxd4 4. Nxd4 Nc6 5. Nc3 Qc7 6. Be3 a6 7. Bd3 Nf6 8. 0-0 h5 9. h3 d6 10. f4 Bd7 11. Nf3 b5 12. a3 Be7 13. Qe2 b4 14. axb4 Nxb4 15. Bf2 Bc6 16. f5 Nxd3 17. cxd3 exf5 18. exf5 0-0 19. Ng5 Rfe8 20. Nge4 d5 21. Nxf6+ Bxf6 22. Qxh5 d4 23. Ne2 Qd6 24. Qg4 Bb7 25. Nf4 Be5 26. Bh4 Rac8 27. f6 Bxf6 28. Nh5 Be5 29. Nxg7 Qg6 30. Qxg6 fxg6 31. Nxe8 Rxe8 32. Rae1 1-0

[Event "Oberliga Nord W 0809"]
[Site "Germany"]
[Date "2008.12.14"]
[Round "4.1"]
[White "Gutman, Lev"]
[Black "Bangiev, Alexander J"]
[Result "0-1"]
[WhiteElo "2497"]
[BlackElo "2438"]
[PlyCount "89"]
[EventDate "2008.10.05"]
[EventType "team-tourn"]
[EventRounds "9"]
[EventCountry "GER"]
[SourceTitle "EXT 2010"]
[Source "ChessBase"]
[SourceDate "2010.11.25"]
[SourceVersion "1"]
[SourceVersionDate "2010.11.25"]
[SourceQuality "1"]
[WhiteTeam "Melle III"]
[BlackTeam "Hannover PSC"]
[WhiteTeamCountry "GER"]
[BlackTeamCountry "GER"]

1. Nf3 Nf6 2. g3 d5 3. Bg2 e6 4. 0-0 Be7 5. d4 0-0 6. c4 dxc4 7. Qc2 a6 8. a4 Nc6 9. Qxc4 Bd6 10. Nc3 Na5 11. Qa2 Bb4 12. Rd1 Qe7 13. Bg5 h6 14. Bxf6 Qxf6 15. Rac1 Qe7 16. Ne4 b6 17. Ne5 Bb7 18. Nd2 Bd5 19. Bxd5 exd5 20. e4 Bxd2 21. Rxd2 dxe4 22. Rdc2 c5 23. Ng6 Qd6 24. Nxf8 c4 25. Re1 f5 26. Rxc4 Nxc4 27. Qxc4+ Kxf8 28. d5 Qc5 29. Qb3 Rd8 30. Rd1 Rd6 31. Kg2 Kf7 32. Rd2 Kf8 33. Qd1 e3 34. fxe3 Qxe3 35. Rd3 Qe4+ 36. Kf2 g5 37. Rd4 Qe5 38. Qd2 a5 39. h4 Rg6 40. hxg5 hxg5 41. Rd3 Qh8 42. Kg2 Qe5 43. Kf2 Qe4 44. b3 g4 45. Qe3 0-1

[Event "Oberliga Nord W 0809"]
[Site "Germany"]
[Date "2008.11.30"]
[Round "3.1"]
[White "Bangiev, Alexander J"]
[Black "Braeutigam, Martin"]
[Result "1/2-1/2"]
[WhiteElo "2438"]
[BlackElo "2375"]
[PlyCount "79"]
[EventDate "2008.10.05"]
[EventType "team-tourn"]
[EventRounds "9"]
[EventCountry "GER"]
[SourceTitle "EXT 2010"]
[Source "ChessBase"]
[SourceDate "2010.11.25"]
[SourceVersion "1"]
[SourceVersionDate "2010.11.25"]
[SourceQuality "1"]
[WhiteTeam "Hannover PSC"]
[BlackTeam "Oldenburg Union"]
[WhiteTeamCountry "GER"]
[BlackTeamCountry "GER"]

1. e4 e5 2. Nf3 Nc6 3. Bb5 f5 4. d4 fxe4 5. Bxc6 dxc6 6. Nxe5 Nf6 7. Bg5 Bd6 8. Nc3 Bf5 9. Qe2 Bb4 10. 0-0 Bxc3 11. bxc3 0-0 12. Rab1 Rb8 13. f3 Qd5 14. Bxf6 gxf6 15. fxe4 Bxe4 16. Nd7 Qxd7 17. Qxe4 Qd5 18. Qxd5+ cxd5 19. Rf5 c6 20. Kf2 Kg7 21. Rd1 Rbe8 22. Rd3 Re6 23. Rg3+ Kh8 24. Rff3 Rfe8 25. Re3 Re4 26. Rxe4 Rxe4 27. Re3 f5 28. Rf3 f4 29. g3 fxg3+ 30. Rxg3 Re7 31. Rg5 Rg7 32. Re5 Rf7+ 33. Kg3 Kg7 34. h4 Rf1 35. Re7+ Rf7 36. Re8 Kg6 37. Re5 Rf5 38. Re7 Rf7 39. Re5 Rf5 40. Re7 1/2-1/2

[Event "Oberliga Nord W 0809"]
[Site "Germany"]
[Date "2008.10.05"]
[Round "1.1"]
[White "Bangiev, Alexander J"]
[Black "Luch, Michal"]
[Result "0-1"]
[WhiteElo "2438"]
[BlackElo "2412"]
[PlyCount "130"]
[EventDate "2008.10.05"]
[EventType "team-tourn"]
[EventRounds "9"]
[EventCountry "GER"]
[SourceTitle "EXT 2010"]
[Source "ChessBase"]
[SourceDate "2010.11.25"]
[SourceVersion "1"]
[SourceVersionDate "2010.11.25"]
[SourceQuality "1"]
[WhiteTeam "Hannover PSC"]
[BlackTeam "Delmenhorst"]
[WhiteTeamCountry "GER"]
[BlackTeamCountry "GER"]

1. e4 c5 2. Nf3 d6 3. d4 cxd4 4. Nxd4 Nf6 5. Nc3 a6 6. a4 g6 7. Be2 Bg7 8. 0-0 0-0 9. Bg5 Nc6 10. Nb3 Be6 11. Re1 Bxb3 12. cxb3 Qa5 13. Bd2 Rac8 14. Bf1 e6 15. b4 Qd8 16. b5 axb5 17. axb5 Ne5 18. Bg5 h6 19. Bf4 Qc7 20. Ra4 Nfd7 21. Be3 Nb6 22. Bxb6 Qxb6 23. Qd2 Rfd8 24. Rd1 Ng4 25. h3 Nf6 26. Qe3 Qxe3 27. fxe3 d5 28. exd5 Nxd5 29. Nxd5 exd5 30. Be2 Bxb2 31. b6 Rc6 32. Rb4 Ba3 33. Rb3 Bc5 34. Bf3 Rxb6 35. Rxb6 Bxb6 36. Rxd5 Bxe3+ 37. Kf1 Rxd5 38. Bxd5 b5 39. Ke2 Bc5 40. Kf3 Kg7 41. g4 f5 42. Ke2 Kf6 43. Kf3 b4 44. Bb3 Kg5 45. Bc2 Bd6 46. Bb3 Kf6 47. Bd1 Be7 48. Bb3 Bd8 49. Bc4 Bc7 50. Bb3 f4 51. Ke4 Kg5 52. Kf3 Kh4 53. Kg2 f3+ 54. Kxf3 Kxh3 55. Bf7 g5 56. Be6 Kh4 57. Kg2 h5 58. gxh5 Kxh5 59. Kh3 Bd6 60. Bf7+ Kh6 61. Kg4 Kg7 62. Bb3 Kf6 63. Bd1 Be7 64. Kf3 Ke5 65. Ke3 Bc5+ 0-1

[Event "Nuremberg LGA Cup 5th"]
[Site "Nuremberg"]
[Date "2008.09.06"]
[Round "5"]
[White "Bangiev, Alexander J"]
[Black "Schuetz, Guenter"]
[Result "1-0"]
[WhiteElo "2438"]
[BlackElo "2248"]
[PlyCount "65"]
[EventDate "2008.09.04"]
[EventType "swiss"]
[EventRounds "7"]
[EventCountry "GER"]
[SourceTitle "CBM 126 Extra"]
[Source "ChessBase"]
[SourceDate "2008.11.05"]
[SourceVersion "1"]
[SourceVersionDate "2008.11.05"]
[SourceQuality "1"]

1. e4 c5 2. Nf3 Nc6 3. d4 cxd4 4. Nxd4 Nf6 5. Nc3 e5 6. Ndb5 d6 7. a4 a6 8. Na3 Be6 9. Bc4 Bxc4 10. Nxc4 Rc8 11. Bg5 Nd4 12. Ne3 Be7 13. Bxf6 Bxf6 14. Ncd5 Bg5 15. c3 Bxe3 16. Nxe3 Ne6 17. 0-0 0-0 18. Qg4 g6 19. Rfd1 Kh8 20. g3 Ng7 21. Qe2 Rc6 22. Rd5 f5 23. exf5 gxf5 24. Rad1 Qc7 25. b3 Ne8 26. Nc4 Qe7 27. f4 Nf6 28. Rxd6 Ne4 29. Rxc6 bxc6 30. Nxe5 Qc5+ 31. Kg2 Qxc3 32. Rd3 Qc5 33. Nd7 1-0

[Event "Nuremberg LGA Cup 5th"]
[Site "Nuremberg"]
[Date "2008.09.06"]
[Round "4"]
[White "Koch, Moritz"]
[Black "Bangiev, Alexander J"]
[Result "1/2-1/2"]
[WhiteElo "2273"]
[BlackElo "2438"]
[PlyCount "108"]
[EventDate "2008.09.04"]
[EventType "swiss"]
[EventRounds "7"]
[EventCountry "GER"]
[SourceTitle "CBM 126 Extra"]
[Source "ChessBase"]
[SourceDate "2008.11.05"]
[SourceVersion "1"]
[SourceVersionDate "2008.11.05"]
[SourceQuality "1"]

1. e4 c5 2. Nf3 d6 3. d4 cxd4 4. Nxd4 Nf6 5. Nc3 a6 6. Bg5 e6 7. f4 h6 8. Bh4 Nbd7 9. Qe2 Be7 10. 0-0-0 Qc7 11. Bg3 g6 12. h3 e5 13. fxe5 Nxe5 14. Nf3 Be6 15. Nd5 Bxd5 16. exd5 Nfd7 17. Nxe5 Nxe5 18. Bxe5 dxe5 19. g4 h5 20. Bg2 hxg4 21. hxg4 Rxh1 22. Bxh1 0-0-0 23. Qf3 Bg5+ 24. Kb1 Rd6 25. Qh3 Qb6 26. Be4 Kb8 27. Qf3 Bf4 28. a3 Qc5 29. Rd3 Qg1+ 30. Ka2 Qe1 31. Rb3 Qa5 32. Qd3 Qc5 33. Rc3 Qd4 34. Qxd4 exd4 35. Rf3 Rf6 36. Kb3 Be5 37. Rxf6 Bxf6 38. d6 b6 39. Bd5 Be5 40. Bxf7 g5 41. d7 Kc7 42. Be6 Bf4 43. a4 Bc1 44. Ka2 a5 45. Bf5 Bd2 46. Kb3 Bc1 47. c3 d3 48. Bxd3 Kxd7 49. Kc2 Bf4 50. b4 Kd6 51. Kb3 Bd2 52. Kc4 Be1 53. Bf5 Bd2 54. Bd3 Be1 1/2-1/2

[Event "Nuremberg LGA Cup 5th"]
[Site "Nuremberg"]
[Date "2008.09.05"]
[Round "3"]
[White "Bangiev, Alexander J"]
[Black "Loew, Gerald"]
[Result "1/2-1/2"]
[WhiteElo "2438"]
[BlackElo "1963"]
[PlyCount "103"]
[EventDate "2008.09.04"]
[EventType "swiss"]
[EventRounds "7"]
[EventCountry "GER"]
[SourceTitle "CBM 126 Extra"]
[Source "ChessBase"]
[SourceDate "2008.11.05"]
[SourceVersion "1"]
[SourceVersionDate "2008.11.05"]
[SourceQuality "1"]

1. e4 c5 2. Nf3 g6 3. d4 cxd4 4. Nxd4 Bg7 5. c4 Nc6 6. Be3 Nf6 7. Nc3 Ng4 8. Qxg4 Nxd4 9. Qd1 Ne6 10. Rc1 Qa5 11. Qd2 b6 12. b3 Bb7 13. Nd5 Qxd2+ 14. Bxd2 Rc8 15. Be2 h5 16. 0-0 g5 17. Rfe1 Be5 18. b4 Nf4 19. Bf1 e6 20. Bc3 Ng6 21. Bxe5 Nxe5 22. Nc3 Ke7 23. Nb5 a6 24. Nd4 d6 25. Nb3 Rc7 26. c5 dxc5 27. bxc5 b5 28. f3 h4 29. Kf2 Rhc8 30. Rc2 Rd8 31. Re3 Rd1 32. Na5 Nc6 33. Nxc6+ Bxc6 34. Rd3 Rxd3 35. Bxd3 Rd7 36. Ke3 e5 37. g3 hxg3 38. hxg3 a5 39. a3 Rb7 40. f4 gxf4+ 41. gxf4 exf4+ 42. Kxf4 b4 43. axb4 Rxb4 44. Bc4 a4 45. Ke3 a3 46. Bd5 Ra4 47. Bxc6 a2 48. Bxa4 a1Q 49. Rc4 Qg1+ 50. Kd3 Qf1+ 51. Kc3 Qe1+ 52. Kd3 1/2-1/2